书目信息 |
| 题名: |
低碳建筑设备技术
|
|
| 作者: | 刘艳峰 , 王登甲 , 周勇 主编 | |
| 分册: | ||
| 出版信息: | 北京 中国建筑工业出版社 2024.12 |
|
| 页数: | 212页 | |
| 开本: | 26cm | |
| 丛书名: | 高等学校碳中和城市与低碳建筑设计系列教材 | |
| 单 册: | ||
| 中图分类: | TU8-43 | |
| 科图分类: | ||
| 主题词: | 房屋建筑设备 | |
| 电子资源: | ||
| ISBN: | 978-7-112-30803-3 | |
| 000 | 00930nam0 2200265 450 | |
| 001 | 2528991744 | |
| 005 | 20251205081500.25 | |
| 010 | @a978-7-112-30803-3@dCNY49.00 | |
| 100 | @a20251205d2024 km y0chiy0120 ea | |
| 101 | 0 | @achi |
| 102 | @aCN@b110000 | |
| 200 | 1 | @a低碳建筑设备技术@ADi Tan Jian Zhu She Bei Ji Shu@f刘艳峰,王登甲,周勇主编@FLiu Yan Feng,Wang Deng Jia,Zhou Yong Zhu Bian |
| 210 | @a北京@c中国建筑工业出版社@d2024.12 | |
| 215 | @a212页@d26cm | |
| 225 | 2 | @a高等学校碳中和城市与低碳建筑设计系列教材 |
| 410 | 0 | @12001 @a高等学校碳中和城市与低碳建筑设计系列教材 |
| 503 | @n河南城建学院图书馆 | |
| 510 | 1 | @a=Technoiogy of Low-Carbon Building Equipment |
| 606 | 0 | @a房屋建筑设备 |
| 690 | @aTU8-43@v4 | |
| 701 | 0 | @a刘艳峰@ALiu Yan Feng@4主编 |
| 701 | 0 | @a王登甲@AWang Deng Jia@4主编 |
| 701 | 0 | @a周勇@AZhou Yong@4主编 |
| 801 | 0 | @aCN@b大连网信软件有限公司图书馆·11@c20251205 |
| 905 | @aZUCC@dTU8-43@eL701 | |
| 低碳建筑设备技术/刘艳峰,王登甲,周勇主编.-北京:中国建筑工业出版社,2024.12 |
| 212页;26cm.-(高等学校碳中和城市与低碳建筑设计系列教材) |
| ISBN 978-7-112-30803-3:CNY49.00 |
| ● |
| 相关链接 |
|
|
|
正题名:低碳建筑设备技术
索取号:TU8-43/L701
 
预约/预借
| 序号 | 登录号 | 条形码 | 馆藏地/架位号 | 状态 | 备注 |
| 1 | 1556613 | 215566135 | 建筑与城市规划学院资料室/ [索取号:TU8-43/L701] | 在馆 | |
| 2 | 1556614 | 215566144 | 建筑与城市规划学院资料室/ [索取号:TU8-43/L701] | 在馆 |